000 00544nam a2200229Ia 4500
003 OSt
005 20220918221226.0
006 a|||||r|||| 00| 0
007 ta
008 220917b |||||||| |||| 00| 0 eng d
024 _a148,835
037 _cTextual
040 _aARTS
_cARTS
_beng
041 _2eng
_aeng
082 _aTz7, H9
100 _aWitty Paul
_9139629
245 0 _aReading in modern education
260 _c1949
650 _aEDUCATION
942 _hTz7, H9
_cTEXL
_2CC
999 _c271511
_d271511